Normal view MARC view

Entry Personal Name

Number of records used in: 12

001 - CONTROL NUMBER

  • control field: 1237570

003 - CONTROL NUMBER IDENTIFIER

  • control field: OSt

005 - DATE AND TIME OF LATEST TRANSACTION

  • control field: 20260430150447.0

008 - FIXED-LENGTH DATA ELEMENTS

  • fixed length control field: 260430|| aca||aabn | a|a d

040 ## - CATALOGING SOURCE

  • Original cataloging agency: OSt
  • Transcribing agency: OSt

100 ## - HEADING--PERSONAL NAME

  • Personal name: University of Delhi. Faculty of Science. Deptt. of Zoology

670 ## - SOURCE DATA FOUND

  • Source citation: Work cat.: (OSt)1849833: Sumit Kumar Au.; Singh Indrakant Kumar Gu. 1237569, Transcriptomic and Proteomic Analysis of Midgut and Malpighian Tubules of Spodoptera Litura Larvae Fed on Maize Leaves, 2022
Copyright @ Delhi University Library System